Score 0/22 Timer 03:00
3 Plays Today
Two Clues 'F' Word % Correct
Dig'em or KermitFrog
98.3%
Astaire or FlintstoneFred
98.3%
Mango or nectarineFruit
98%
Tinker Bell or NaviFairy
95.7%
Index or ringFinger
94.6%
Gar or codFish
94.4%
Hardwood or linoleumFloor
92.6%
Arachnophobia or claustrophobiaFear
91.9%
Picket or chain-linkFence
91.2%
Ella or F. ScottFitzgerald
90.7%
Chrysanthemum or clematisFlower
88.1%
Two Clues 'F' Word % Correct
Old MacDonald or Tom JoadFarmer
88%
Sherwood or BlackForest
79.8%
Drescher or TarkentonFran
77.4%
Fusion or F-150Ford
75.4%
Wrigley or EbbetsField
71.9%
Tsetse or houseFly
66.9%
Swine or RussianFlu
62%
Tuck or LaurenceFriar
60.5%
Curly or cottageFries
53%
Flagg or FarmerFannie
34.5%
Fennec or redFox
27.2%
Remove Ads.
Support Sporcle.
Get the best of Sporcle when you Go Orange. This ad-free experience offers more features, more stats, and more fun while also helping to support Sporcle. Thank you for becoming a member.

You're not logged in!

Compare scores with friends on all Sporcle quizzes.
OR
Log In

Show Comments

Extras

Top Quizzes Today


Score Distribution

Your Account Isn't Verified!

In order to create a playlist on Sporcle, you need to verify the email address you used during registration. Go to your Sporcle Settings to finish the process.

Report this User

Report this user for behavior that violates our Community Guidelines.

Details: